[Event "HUN-chT2 Barcza 1819"]
[Site "Hungary"]
[Date "2019.03.31"]
[Round "10.3"]
[White "Ligart, Tamas"]
[Black "Toth, Tamas3333"]
[Result "1-0"]
[WhiteElo "2128"]
[BlackElo "2237"]
[PlyCount "65"]
[EventDate "2018.09.23"]
[EventType "team-tourn"]
[EventRounds "11"]
[EventCountry "HUN"]
[SourceTitle "EXT 2021"]
[Source "ChessBase"]
[SourceDate "2020.10.23"]
[SourceVersion "1"]
[SourceVersionDate "2020.10.23"]
[SourceQuality "1"]
[WhiteTeam "Edeleny"]
[BlackTeam "Hajduboszormeny"]
[WhiteTeamCountry "HUN"]
[BlackTeamCountry "HUN"]

1. e4 e5 2. Nf3 Nc6 3. d4 exd4 4. Bc4 Nf6 5. e5 Ng4 6. 0-0 d6 7. exd6 Bxd6 8. Re1+ Kf8 9. Nbd2 Bf5 10. Ne4 Bxe4 11. Rxe4 Nf6 12. Re1 h6 13. b3 a6 14. Bb2 Bb4 15. Re2 b5 16. Bd3 Qd6 17. a4 bxa4 18. Rxa4 Nd5 19. Nxd4 Nxd4 20. Bxd4 Nc3 21. Bxc3 Bxc3 22. Ree4 g6 23. Qf3 Kg7 24. h4 Be5 25. h5 Qf6 26. Qe2 Bd6 27. hxg6 fxg6 28. Re6 Qg5 29. Rxg6+ Qxg6 30. Bxg6 Kxg6 31. Qe6+ Kg7 32. Rg4+ Kf8 33. Qf6+ 1-0

[Event "SVK-chT2C 1819"]
[Site "Slovakia"]
[Date "2019.03.02"]
[Round "8.2"]
[White "Macko, Michal"]
[Black "Ligart, Tamas"]
[Result "1/2-1/2"]
[WhiteElo "2171"]
[BlackElo "2180"]
[PlyCount "130"]
[EventDate "2018.10.13"]
[EventType "team-tourn"]
[EventRounds "11"]
[EventCountry "SVK"]
[SourceTitle "CBM 189 Extra"]
[Source "ChessBase"]
[SourceDate "2019.06.03"]
[SourceVersion "1"]
[SourceVersionDate "2019.06.03"]
[SourceQuality "1"]
[WhiteTeam "Liptov Chess School III"]
[BlackTeam "Jelsava Magnezit"]
[WhiteTeamCountry "SVK"]
[BlackTeamCountry "SVK"]

1. d4 Nf6 2. Nf3 e6 3. c4 c5 4. g3 cxd4 5. Nxd4 d5 6. Bg2 e5 7. Nf3 d4 8. 0-0 Nc6 9. e3 Be7 10. exd4 e4 11. Ng5 Qxd4 12. Qxd4 Nxd4 13. Nc3 Bf5 14. Ngxe4 Nxe4 15. Bxe4 Bxe4 16. Nxe4 Ne2+ 17. Kg2 Nxc1 18. Raxc1 0-0 19. Rfd1 Rfd8 20. Rd5 Rac8 21. Rxd8+ Rxd8 22. Rc2 Rd4 23. Nd2 f5 24. b3 Bb4 25. Nf3 Re4 26. Ng5 Re7 27. Nh3 a5 28. Nf4 Bc5 29. Re2 Rxe2 30. Nxe2 Kf7 31. Nc1 b6 32. Nd3 Bd6 33. Kf3 g5 34. h3 Ke6 35. Ke3 Be7 36. f4 h6 37. Ne1 Bc5+ 38. Kf3 Bd4 39. fxg5 hxg5 40. g4 Ke5 41. Nd3+ Ke6 42. a3 Kf6 43. b4 axb4 44. axb4 Ke6 45. gxf5+ Kxf5 46. Nf2 Kf6 47. Ne4+ Kf5 48. c5 bxc5 49. Nxc5 Ke5 50. Ne4 Kd5 51. Nxg5 Kc4 52. h4 Kxb4 53. Ke4 Kc4 54. h5 Bg7 55. Ne6 Bh6 56. Ke5 Be3 57. Nf4 Bd4+ 58. Ke6 Bg7 59. Kf5 Bh6 60. Ne6 Kd5 61. Kg6 Kxe6 62. Kxh6 Kf6 63. Kh7 Kf7 64. h6 Kf8 65. Kh8 Kf7 1/2-1/2

[Event "HUN-chT2 Barcza 1819"]
[Site "Hungary"]
[Date "2019.01.27"]
[Round "6.6"]
[White "Borsavolgyi, Tamas"]
[Black "Ligart, Tamas"]
[Result "1/2-1/2"]
[WhiteElo "2216"]
[BlackElo "2128"]
[PlyCount "128"]
[EventDate "2018.09.23"]
[EventType "team-tourn"]
[EventRounds "11"]
[EventCountry "HUN"]
[SourceTitle "CBM 189 Extra"]
[Source "ChessBase"]
[SourceDate "2019.06.03"]
[SourceVersion "1"]
[SourceVersionDate "2019.06.03"]
[SourceQuality "1"]
[WhiteTeam "Nyiregyhaza SISE"]
[BlackTeam "Edeleny"]
[WhiteTeamCountry "HUN"]
[BlackTeamCountry "HUN"]

1. e4 e5 2. Nf3 Nc6 3. Bb5 Bc5 4. Qe2 Nd4 5. Nxd4 Bxd4 6. Nc3 c6 7. Bc4 Nf6 8. d3 h6 9. Be3 0-0 10. Bb3 d5 11. 0-0 Bg4 12. Qe1 Re8 13. Rb1 a5 14. a4 Qd7 15. Nd1 dxe4 16. dxe4 Be6 17. f3 Bxb3 18. cxb3 Qe6 19. b4 Qb3 20. bxa5 Qxa4 21. b4 Qc2 22. Nf2 Nh5 23. g3 Red8 24. Rc1 Qb3 25. Ng4 Rd7 26. Rb1 Qe6 27. Kg2 Rad8 28. Rf2 f5 29. exf5 Qxf5 30. Bxd4 exd4 31. Rb3 Nf6 32. Qe5 Rd5 33. Nxf6+ Qxf6 34. Qxf6 gxf6 35. Rd2 Rb5 36. Rdd3 Kf7 37. Kf2 Re5 38. Rb2 Rb5 39. Rbb3 Ke6 40. Ke2 Re5+ 41. Kd2 f5 42. Ra3 Rb5 43. Rab3 Rd6 44. f4 h5 45. Kc2 Rd7 46. Rd1 Kd5 47. Rxd4+ Kxd4 48. Rd3+ Kc4 49. Rxd7 Kxb4 50. Rh7 Rxa5 51. Rxb7+ Kc4 52. Rf7 Ra2+ 53. Kd1 Rxh2 54. Rxf5 c5 55. Rf8 Rg2 56. Rf5 Rxg3 57. Rxh5 Rf3 58. Rh4 Kd3 59. Kc1 c4 60. Rh1 c3 61. f5 Rxf5 62. Rh3+ Kc4 63. Rh8 Rd5 64. Kc2 Rd2+ 1/2-1/2

[Event "SVK-chT2C 1819"]
[Site "Slovakia"]
[Date "2018.10.13"]
[Round "1.1"]
[White "Ligart, Tamas"]
[Black "Buchnicek, Petr"]
[Result "1/2-1/2"]
[WhiteElo "2137"]
[BlackElo "2321"]
[PlyCount "93"]
[EventDate "2018.10.13"]
[EventType "team-tourn"]
[EventRounds "11"]
[EventCountry "SVK"]
[SourceTitle "CBM 187 Extra"]
[Source "ChessBase"]
[SourceDate "2018.11.04"]
[SourceVersion "1"]
[SourceVersionDate "2018.11.04"]
[SourceQuality "1"]
[WhiteTeam "Jelsava Magnezit"]
[BlackTeam "Ruzomberok Montana"]
[WhiteTeamCountry "SVK"]
[BlackTeamCountry "SVK"]

1. e4 d5 2. exd5 Nf6 3. c4 e6 4. d4 exd5 5. Nc3 Be7 6. Nf3 0-0 7. cxd5 Nxd5 8. Bc4 Nb6 9. Bb3 Bg4 10. h3 Bxf3 11. Qxf3 Nc6 12. Be3 Nxd4 13. Qxb7 Rb8 14. Qa6 Nxb3 15. axb3 f5 16. 0-0 Bd6 17. Rfd1 Qe7 18. Bxb6 axb6 19. Qc4+ Qf7 20. Nd5 Rfe8 21. Ra7 Re4 22. Nf6+ gxf6 23. Qxf7+ Kxf7 24. Rxd6 Re7 25. Rc6 Rc8 26. g3 Kg6 27. Kg2 Re2 28. Rcxc7 Rxc7 29. Rxc7 Rxb2 30. Rc3 b5 31. Kf3 b4 32. Rd3 h5 33. h4 Rc2 34. Ke3 Rb2 35. f3 Rb1 36. Kf4 Rb2 37. Ke3 Rb1 38. Kf4 Rb2 39. g4 fxg4 40. fxg4 Rf2+ 41. Kg3 Rb2 42. Rf3 Rb1 43. gxh5+ Kxh5 44. Rf5+ Kg6 45. Rf3 Kh5 46. Rf5+ Kg6 47. Rf3 1/2-1/2

[Event "HUN-chT2 Barcza 1718"]
[Site "Hungary"]
[Date "2018.01.28"]
[Round "7.2"]
[White "Barabas, Tibor"]
[Black "Ligart, Tamas"]
[Result "1/2-1/2"]
[WhiteElo "1981"]
[BlackElo "2204"]
[PlyCount "85"]
[EventDate "2017.09.24"]
[EventType "team-tourn"]
[EventRounds "11"]
[EventCountry "HUN"]
[SourceTitle "EXT 2021"]
[Source "ChessBase"]
[SourceDate "2020.10.23"]
[SourceVersion "1"]
[SourceVersionDate "2020.10.23"]
[SourceQuality "1"]
[WhiteTeam "Mezokovesd"]
[BlackTeam "Edeleny"]
[WhiteTeamCountry "HUN"]
[BlackTeamCountry "HUN"]

1. e4 e5 2. Nf3 Nc6 3. d4 exd4 4. Nxd4 Nf6 5. Nxc6 bxc6 6. Bd3 d5 7. exd5 cxd5 8. 0-0 Be7 9. Bb5+ Bd7 10. Nc3 0-0 11. Bxd7 Qxd7 12. Bg5 c6 13. Re1 Rfe8 14. Qd2 Qf5 15. Re2 Bc5 16. Bxf6 Qxf6 17. Na4 Bd6 18. g3 h5 19. Rae1 Rxe2 20. Qxe2 h4 21. Qg4 hxg3 22. hxg3 g6 23. Kg2 Qf5 24. Qxf5 gxf5 25. c4 Rb8 26. Rd1 Be5 27. cxd5 cxd5 28. Rxd5 Bxb2 29. Rd7 Bc1 30. Nc5 a5 31. Nd3 Bd2 32. Ne5 Bc3 33. Nxf7 Rb2 34. Nh6+ Kh8 35. Rd3 Be1 36. Rf3 Rxa2 37. Nxf5 Bb4 38. Rf4 Bc5 39. Nd4 a4 40. Nb5 a3 41. Rf5 Rxf2+ 42. Rxf2 Bxf2 43. Nxa3 1/2-1/2

[Event "SVK-chT1E 1718"]
[Site "Slovakia"]
[Date "2017.11.04"]
[Round "3.2"]
[White "Ligart, Tamas"]
[Black "Cech, Dominik"]
[Result "0-1"]
[WhiteElo "2180"]
[BlackElo "2157"]
[PlyCount "42"]
[EventDate "2017.10.21"]
[EventType "team-tourn"]
[EventRounds "11"]
[EventCountry "SVK"]
[SourceTitle "CBM 181 Extra"]
[Source "ChessBase"]
[SourceDate "2017.12.12"]
[SourceVersion "1"]
[SourceVersionDate "2017.12.12"]
[SourceQuality "1"]
[WhiteTeam "Jelsava Magnezit"]
[BlackTeam "Michalovce Zemplin"]
[WhiteTeamCountry "SVK"]
[BlackTeamCountry "SVK"]

1. e4 c5 2. Nf3 e6 3. b3 a6 4. Bb2 Nc6 5. d4 cxd4 6. Nxd4 Qf6 7. c3 Qg6 8. Nd2 Nf6 9. Nxc6 bxc6 10. Qf3 e5 11. Bd3 Bc5 12. Nc4 d6 13. h3 Be6 14. Ne3 0-0 15. 0-0 d5 16. exd5 e4 17. dxe6 fxe6 18. Bxe4 Nxe4 19. Qe2 Rf7 20. Ng4 Raf8 21. Qd3 Nxf2 0-1

[Event "HUN-chT2 Barcza 1617"]
[Site "Hungary"]
[Date "2017.04.09"]
[Round "11.2"]
[White "Hidegh, Gabor"]
[Black "Ligart, Tamas"]
[Result "0-1"]
[WhiteElo "2102"]
[BlackElo "2176"]
[PlyCount "70"]
[EventDate "2016.09.25"]
[EventType "team-tourn"]
[EventRounds "11"]
[EventCountry "HUN"]
[SourceTitle "EXT 2021"]
[Source "ChessBase"]
[SourceDate "2020.10.23"]
[SourceVersion "1"]
[SourceVersionDate "2020.10.23"]
[SourceQuality "1"]
[WhiteTeam "Bajnok Sakkiskola"]
[BlackTeam "Edeleny"]
[WhiteTeamCountry "HUN"]
[BlackTeamCountry "HUN"]

1. d4 Nf6 2. Nf3 e6 3. Bf4 c5 4. c3 b6 5. e3 Bb7 6. Nbd2 Be7 7. Bd3 0-0 8. Qe2 cxd4 9. exd4 d6 10. 0-0 Nbd7 11. Rfe1 Re8 12. Rad1 Qc7 13. h3 Bf8 14. Qf1 a6 15. Ng5 b5 16. Nge4 e5 17. dxe5 Nxe4 18. Nxe4 Nxe5 19. Bb1 d5 20. Ng5 Nf3+ 21. Nxf3 Qxf4 22. Rd4 Qf6 23. a3 Bc5 24. Rd2 Qf4 25. Rxe8+ Rxe8 26. b4 Bb6 27. Qd3 g6 28. Ba2 d4 29. Re2 Rxe2 30. Qxe2 dxc3 31. Bb3 Be4 32. Bxf7+ Kxf7 33. Ng5+ Qxg5 34. Qxe4 Qf6 35. Qb7+ Kg8 0-1

[Event "SVK-chT1E 1617"]
[Site "Slovakia"]
[Date "2017.02.25"]
[Round "8.2"]
[White "Ligart, Tamas"]
[Black "Bunda, Viktor"]
[Result "1-0"]
[WhiteElo "2234"]
[BlackElo "2312"]
[PlyCount "81"]
[EventDate "2016.10.15"]
[EventType "team-tourn"]
[EventRounds "11"]
[EventCountry "SVK"]
[SourceTitle "EXT 2018"]
[Source "ChessBase"]
[SourceDate "2017.10.13"]
[SourceVersion "1"]
[SourceVersionDate "2017.10.13"]
[SourceQuality "1"]
[WhiteTeam "Jelsava Magnezit"]
[BlackTeam "Michalovce Zemplin"]
[WhiteTeamCountry "SVK"]
[BlackTeamCountry "SVK"]

1. e4 g6 2. d4 Bg7 3. Nc3 d6 4. Nf3 a6 5. a4 Nc6 6. d5 Nb4 7. a5 c5 8. Ne2 f5 9. Nf4 e5 10. Ne6 Bxe6 11. dxe6 fxe4 12. Ng5 Nh6 13. Nxe4 d5 14. Bg5 Qc7 15. c3 dxe4 16. cxb4 0-0 17. e7 Rfe8 18. Rc1 b6 19. axb6 Qxb6 20. Qd5+ Kh8 21. Qxc5 Qxc5 22. bxc5 Nf7 23. Bd2 Rxe7 24. Ra1 Nd8 25. b4 Nc6 26. Rxa6 Rxa6 27. Bxa6 Nxb4 28. Bxb4 Ra7 29. Be2 Ra1+ 30. Bd1 Rb1 31. Bd2 Bf8 32. c6 Rb6 33. Ba4 Bd6 34. 0-0 Rb2 35. Be3 Rb4 36. Ra1 Kg7 37. g3 Kf6 38. h4 Kf5 39. Kg2 h5 40. Bg5 Ke6 41. Bd8 1-0

[Event "SVK-chT1E 1617"]
[Site "Slovakia"]
[Date "2016.11.20"]
[Round "4.2"]
[White "Ligart, Tamas"]
[Black "Mrva, Vladimir"]
[Result "1/2-1/2"]
[WhiteElo "2228"]
[BlackElo "2119"]
[PlyCount "69"]
[EventDate "2016.10.15"]
[EventType "team-tourn"]
[EventRounds "11"]
[EventCountry "SVK"]
[SourceTitle "EXT 2018"]
[Source "ChessBase"]
[SourceDate "2017.10.13"]
[SourceVersion "1"]
[SourceVersionDate "2017.10.13"]
[SourceQuality "1"]
[WhiteTeam "Jelsava Magnezit"]
[BlackTeam "Presov Slavia PU"]
[WhiteTeamCountry "SVK"]
[BlackTeamCountry "SVK"]

1. e4 e5 2. Bc4 Nf6 3. d3 c6 4. Nf3 d5 5. Bb3 Bd6 6. 0-0 dxe4 7. Ng5 0-0 8. Nxe4 Nxe4 9. dxe4 Qe7 10. Nd2 Be6 11. Nc4 Bc7 12. Qh5 Nd7 13. Ne3 g6 14. Qe2 Nc5 15. f3 Nxb3 16. axb3 Rfd8 17. Nc4 a6 18. Be3 Bxc4 19. Qxc4 Rd7 20. Rfd1 Rxd1+ 21. Rxd1 Rd8 22. Rd3 Rxd3 23. cxd3 Kg7 24. Qc3 f6 25. Bc5 Bd6 26. b4 Qd8 27. Kf1 Bc7 28. Ke2 Qd7 29. Qc4 Qf7 30. Be3 Qxc4 31. dxc4 b5 32. Kd3 Kf7 33. g4 g5 34. Kc3 Ke6 35. Bc5 1/2-1/2

[Event "HUN-chT2 Barcza 1617"]
[Site "Hungary"]
[Date "2016.10.30"]
[Round "3.3"]
[White "Herczeg, Tibor"]
[Black "Ligart, Tamas"]
[Result "0-1"]
[WhiteElo "2075"]
[BlackElo "2176"]
[PlyCount "68"]
[EventDate "2016.09.25"]
[EventType "team-tourn"]
[EventRounds "11"]
[EventCountry "HUN"]
[SourceTitle "EXT 2021"]
[Source "ChessBase"]
[SourceDate "2020.10.23"]
[SourceVersion "1"]
[SourceVersionDate "2020.10.23"]
[SourceQuality "1"]
[WhiteTeam "Sajobabony"]
[BlackTeam "Edeleny"]
[WhiteTeamCountry "HUN"]
[BlackTeamCountry "HUN"]

1. e4 d5 2. exd5 Qxd5 3. Nf3 Nf6 4. Be2 Bg4 5. d3 Nc6 6. 0-0 e5 7. Nc3 Qd7 8. Bg5 0-0-0 9. a3 h6 10. Bh4 g5 11. Bg3 Qf5 12. Qc1 Bxf3 13. Bxf3 Nd4 14. Be4 Nxe4 15. dxe4 Qe6 16. Re1 f6 17. Ne2 Qc4 18. Nxd4 Rxd4 19. f3 Bc5 20. Bf2 Rd6 21. b3 Bxf2+ 22. Kxf2 Qc5+ 23. Kf1 Rhd8 24. Qb2 Rd2 25. Re2 Rd1+ 26. Rxd1 Rxd1+ 27. Re1 Rxe1+ 28. Kxe1 Qg1+ 29. Ke2 Qxg2+ 30. Ke3 Qxh2 31. Qc3 Qg1+ 32. Kd3 Qd4+ 33. Qxd4 exd4 34. Kxd4 Kd7 0-1

[Event "Eger Agria op 40th"]
[Site "Eger"]
[Date "2016.07.22"]
[Round "7"]
[White "Ligart, Tamas"]
[Black "Kovacs, Daniel1111"]
[Result "1-0"]
[WhiteElo "2211"]
[BlackElo "1972"]
[PlyCount "125"]
[EventDate "2016.07.18"]
[EventType "swiss"]
[EventRounds "8"]
[EventCountry "HUN"]
[SourceTitle "EXT 2020"]
[Source "ChessBase"]
[SourceDate "2019.10.17"]
[SourceVersion "1"]
[SourceVersionDate "2019.10.17"]
[SourceQuality "1"]

1. e4 b6 2. d4 Bb7 3. Nc3 g6 4. h4 h5 5. Bg5 d6 6. Bc4 Bg7 7. Qd2 c6 8. Nge2 Nd7 9. f3 Qc7 10. a4 Ngf6 11. Bb3 e6 12. d5 exd5 13. exd5 0-0 14. dxc6 Bxc6 15. Rd1 d5 16. 0-0 Nc5 17. Qf4 Qxf4 18. Nxf4 d4 19. Ncd5 Nxd5 20. Nxd5 Bxd5 21. Bxd5 Rac8 22. b3 Nd7 23. Rd2 Rc5 24. Bc4 Rc7 25. Re2 Nc5 26. Bf4 Rcc8 27. Re7 a5 28. Bb5 Bf6 29. Ra7 Ne6 30. Bh6 Rfd8 31. Bc4 Ra8 32. Rxa8 Rxa8 33. f4 Ng7 34. Bg5 Bxg5 35. hxg5 Nf5 36. Re1 Kf8 37. Bd3 Ng7 38. g3 Rc8 39. Kg2 Ne6 40. Bc4 Ke7 41. f5 gxf5 42. g6 Rxc4 43. bxc4 fxg6 44. Rb1 f4 45. Rxb6 Nc5 46. gxf4 Nxa4 47. Rxg6 Nb2 48. c5 d3 49. cxd3 Nxd3 50. Kf3 Nxc5 51. Rg5 Nb3 52. Rxh5 Kd6 53. Rh6+ Kc5 54. f5 a4 55. Ra6 Kb5 56. Ra8 Nd4+ 57. Ke4 Nxf5 58. Kxf5 Kb4 59. Ke4 a3 60. Kd3 Kb3 61. Rb8+ Ka2 62. Kc3 Ka1 63. Kb3 1-0

[Event "Eger Agria op 40th"]
[Site "Eger"]
[Date "2016.07.20"]
[Round "4"]
[White "Toth, Daniel1111"]
[Black "Ligart, Tamas"]
[Result "1/2-1/2"]
[WhiteElo "2312"]
[BlackElo "2211"]
[PlyCount "48"]
[EventDate "2016.07.18"]
[EventType "swiss"]
[EventRounds "8"]
[EventCountry "HUN"]
[SourceTitle "EXT 2020"]
[Source "ChessBase"]
[SourceDate "2019.10.17"]
[SourceVersion "1"]
[SourceVersionDate "2019.10.17"]
[SourceQuality "1"]

1. d4 Nf6 2. c4 g6 3. Nc3 Bg7 4. e4 d6 5. Nf3 0-0 6. h3 e5 7. d5 Na6 8. Bg5 h6 9. Be3 Nc5 10. Nd2 a5 11. g4 c6 12. Qc2 Bd7 13. Nb3 Nxb3 14. Qxb3 c5 15. Bd3 a4 16. Qd1 Ne8 17. h4 Qa5 18. a3 Nc7 19. Bd2 Qa6 20. Qe2 Rab8 21. h5 g5 22. Nb5 Nxb5 23. cxb5 Qb6 24. Bc4 Ra8 1/2-1/2

[Event "Eger Agria op 40th"]
[Site "Eger"]
[Date "2016.07.19"]
[Round "2"]
[White "Bognar, Bence"]
[Black "Ligart, Tamas"]
[Result "0-1"]
[WhiteElo "1983"]
[BlackElo "2211"]
[PlyCount "46"]
[EventDate "2016.07.18"]
[EventType "swiss"]
[EventRounds "8"]
[EventCountry "HUN"]
[SourceTitle "EXT 2020"]
[Source "ChessBase"]
[SourceDate "2019.10.17"]
[SourceVersion "1"]
[SourceVersionDate "2019.10.17"]
[SourceQuality "1"]

1. e4 e5 2. Nf3 Nc6 3. Bc4 Nf6 4. Ng5 d5 5. exd5 Na5 6. Bb5+ c6 7. dxc6 bxc6 8. Qf3 Be7 9. Nc3 0-0 10. Ba4 h6 11. Nge4 Nd5 12. Bxc6 Nxc6 13. Nxd5 Nd4 14. Nxe7+ Qxe7 15. Qd1 Bb7 16. f3 Bxe4 17. fxe4 Qh4+ 18. Kf1 f5 19. g3 Qh3+ 20. Kf2 fxe4+ 21. Ke3 Rf3+ 22. Kxe4 Qf5+ 23. Kd5 Rd8+ 0-1

[Event "Eger Agria op 40th"]
[Site "Eger"]
[Date "2016.07.19"]
[Round "3"]
[White "Ligart, Tamas"]
[Black "Czebe, Attila"]
[Result "1/2-1/2"]
[WhiteElo "2211"]
[BlackElo "2450"]
[PlyCount "152"]
[EventDate "2016.07.18"]
[EventType "swiss"]
[EventRounds "8"]
[EventCountry "HUN"]
[SourceTitle "EXT 2020"]
[Source "ChessBase"]
[SourceDate "2019.10.17"]
[SourceVersion "1"]
[SourceVersionDate "2019.10.17"]
[SourceQuality "1"]

1. e4 c5 2. Nf3 b6 3. Bc4 Bb7 4. 0-0 e6 5. Re1 a6 6. a4 g5 7. d4 g4 8. Ne5 cxd4 9. Qxg4 Nf6 10. Qh4 h6 11. f3 Be7 12. Qh3 Qc7 13. Bf4 Bd6 14. Qh4 Ng8 15. Qg3 Nc6 16. Nd3 Bxf4 17. Qxf4 Qxf4 18. Nxf4 Nge7 19. Nd2 Ng6 20. Nxg6 fxg6 21. Nb3 Rc8 22. Bd5 e5 23. Re2 d6 24. c3 dxc3 25. bxc3 Nd8 26. c4 Bxd5 27. cxd5 Rh7 28. Rb1 Rb7 29. Kf2 Rc4 30. Ra2 Rb4 31. Nd2 Rxb1 32. Nxb1 b5 33. axb5 Rxb5 34. Nd2 a5 35. Ke2 Nb7 36. Nc4 Kd7 37. Kd2 Nc5 38. Kc2 a4 39. Rb2 Nb3 40. Ra2 Nc5 41. Rb2 Rxb2+ 42. Kxb2 g5 43. Kc3 h5 44. h3 Kc7 45. Kb4 g4 46. hxg4 hxg4 47. Ne3 gxf3 48. gxf3 Nd3+ 49. Kxa4 Ne1 50. Kb5 Nxf3 51. Nc4 Ng5 52. Nd2 Kb7 53. Ka5 Nh3 54. Kb5 Nf2 55. Ka5 Nd3 56. Kb5 Kc7 57. Kc4 Nc5 58. Kb5 Kb7 59. Kb4 Ka6 60. Kc3 Kb5 61. Kc2 Kb4 62. Kb2 Nd3+ 63. Kc2 Nf4 64. Kb2 Nh3 65. Kc2 Nf2 66. Kb2 Nd3+ 67. Kc2 Nc5 68. Kb2 Ka4 69. Kc3 Ka5 70. Nc4+ Ka6 71. Nxd6 Nd7 72. Kb4 Kb6 73. Nc4+ Kc7 74. Kb5 Nf6 75. Nd2 Kd6 76. Kb6 Nxd5+ 1/2-1/2

[Event "Eger Agria op 40th"]
[Site "Eger"]
[Date "2016.07.18"]
[Round "1"]
[White "Ligart, Tamas"]
[Black "Czajner, Gabor"]
[Result "1-0"]
[WhiteElo "2211"]
[BlackElo "1826"]
[PlyCount "51"]
[EventDate "2016.07.18"]
[EventType "swiss"]
[EventRounds "8"]
[EventCountry "HUN"]
[SourceTitle "EXT 2020"]
[Source "ChessBase"]
[SourceDate "2019.10.17"]
[SourceVersion "1"]
[SourceVersionDate "2019.10.17"]
[SourceQuality "1"]

1. e4 e6 2. d4 d5 3. Nd2 Nf6 4. e5 Nfd7 5. f4 c5 6. c3 Nc6 7. Ndf3 cxd4 8. cxd4 Bb4+ 9. Kf2 0-0 10. Bd3 f6 11. Ne2 fxe5 12. fxe5 Qh4+ 13. g3 Qg4 14. Nf4 Nxd4 15. Nxd4 Nxe5 16. Be2 Qg6 17. Nf3 Qf5 18. Nxe5 Qxe5 19. Kg2 Qf5 20. Bd3 Qf7 21. Rf1 Qd7 22. Bxh7+ Kxh7 23. Qh5+ Kg8 24. Ng6 Rxf1 25. Qh8+ Kf7 26. Ne5+ 1-0

[Event "SVK-chT1E 1516"]
[Site "Slovakia"]
[Date "2015.10.24"]
[Round "1.2"]
[White "Rojicek, Vojtech"]
[Black "Ligart, Tamas"]
[Result "1-0"]
[WhiteElo "2405"]
[BlackElo "2172"]
[PlyCount "115"]
[EventDate "2015.10.24"]
[EventType "team-tourn"]
[EventRounds "11"]
[EventCountry "SVK"]
[SourceTitle "CBM 169 Extra"]
[Source "ChessBase"]
[SourceDate "2015.12.18"]
[SourceVersion "1"]
[SourceVersionDate "2015.12.18"]
[SourceQuality "1"]
[WhiteTeam "Liptov Chess School II"]
[BlackTeam "Jelsava Magnezit"]
[WhiteTeamCountry "SVK"]
[BlackTeamCountry "SVK"]

1. Nf3 d5 2. g3 Nf6 3. Bg2 c6 4. 0-0 Bg4 5. h3 Bh5 6. d3 Nbd7 7. g4 Bg6 8. Nh4 e6 9. Nxg6 hxg6 10. e4 Bc5 11. e5 Ng8 12. d4 Bb6 13. Be3 c5 14. Na3 a6 15. c4 cxd4 16. Bxd4 Ne7 17. cxd5 Nxd5 18. Nc4 Bc7 19. Bxd5 exd5 20. Nd6+ Bxd6 21. exd6 0-0 22. Qf3 Nb6 23. Bxb6 Qxb6 24. Qxd5 Rfd8 25. Rad1 Qxb2 26. Rfe1 Qf6 27. Re7 Rac8 28. Rc7 Qe6 29. Qxe6 fxe6 30. Rxb7 Rc6 31. d7 Kf7 32. Rd3 Ke7 33. Ra7 g5 34. Kg2 g6 35. Kg3 Rb6 36. a4 Rc6 37. a5 e5 38. Kg2 Ke6 39. Rb7 Ke7 40. Rd2 Ke6 41. f3 Ke7 42. Kg3 Ke6 43. h4 gxh4+ 44. Kxh4 Ke7 45. Kg5 Rc5 46. Kxg6 Rxa5 47. Kf5 Rf8+ 48. Ke4 Rf4+ 49. Ke3 Ra3+ 50. Ke2 Rd4 51. Rxd4 exd4 52. f4 Re3+ 53. Kd2 Rg3 54. f5 Rf3 55. g5 Rxf5 56. g6 Rf8 57. g7 Rd8 58. Rc7 1-0